|
|
|
|
| LEADER |
00000nam a2200000 a 4500 |
| 001 |
vtls001281559 |
| 003 |
SK-MaSNL |
| 005 |
20260301225458.0 |
| 008 |
251124s1995 pl 0 pol |
| 020 |
|
|
|a 8390214806
|c 50,00
|
| 035 |
|
|
|a SNK000232980
|
| 040 |
|
|
|a SNK
|b slo
|c SNK
|e AACR2
|
| 044 |
|
|
|a PL
|
| 080 |
|
|
|a 884(091) Słowacki, J.
|2 1981
|
| 100 |
1 |
|
|a Makles, Tadeusz Jacek
|4 aut
|9 619128
|
| 245 |
1 |
0 |
|a Od historii świeckiej do świętej - ku genezyjskiemu systemowi Juliusza Słowackiego
|b z zagadnień mistycyzmu romantycznego
|c Tadeusz Jacek Makles
|
| 260 |
|
|
|a Częstochowa
|b Regina Poloniae
|c 1995
|
| 300 |
|
|
|a 109 s.
|c 21 cm
|
| 600 |
1 |
|
|a Słowacki, Juliusz,
|d 1809-1849
|2 SNK
|9 200249
|
| 919 |
|
|
|a 83-902148-0-6
|
| 999 |
|
|
|c 951007
|d 952937
|
| 952 |
|
|
|t P60, <04>, [BOOK], {604}
|a SNK
|b SNK
|y VYP
|7 0
|p 17A0054947
|o snkIC 126413
|i snkV 741/97
|g 1.66
|0 0
|1 0
|4 0
|d 1997-04-01
|l 0
|r 2005-01-02 00:00:00
|w 2026-02-24
|